| 000 | 02856cam a22006014i 4500 | ||
|---|---|---|---|
| 003 | PE-LiUPU | ||
| 005 | 20250731170441.0 | ||
| 008 | 150625s2006 mx a rb 000 0 spa d | ||
| 020 | _a9706864946 | ||
| 020 | _a9789706864949 | ||
| 035 | _a(Sirsi) i9789706864949 | ||
| 040 |
_aPE-LiUPU _bspa _cPE-LiUPU _dPE-LiUPU _erda |
||
| 049 | _aPRUA | ||
| 082 | 0 | 4 |
_a150.287 _bK22 _221 |
| 100 | 1 |
_aKaplan, Robert M., _eautor. |
|
| 245 | 1 | 0 |
_aPruebas psicológicas : _bprincipios, aplicaciones y temas / _cRobert M. Kaplan, Dennis P. Saccuzzo y María del Carmen Montenegro Núñez. |
| 250 | _a6a edición. | ||
| 264 | 1 |
_aMéxico : _bThomson, _c2006. |
|
| 300 |
_a745 páginas : _bilustraciones ; _c24 centímetros |
||
| 336 |
_atext _2rdacontent |
||
| 337 |
_aunmediated _2rdamedia |
||
| 338 |
_avolume _2rdacarrier |
||
| 504 | _aIncluye referencias bibliográficas. | ||
| 505 | 0 | _aNormas y estadística básica para evaluación -- Correlación y regresión -- Confiabilidad -- Validez -- Redacción y evaluación de reactivos de prueba -- Administración de pruebas -- Técnicas de entrevista -- Teorías de la inteligencia y las escales Binet -- Las escalas de inteligencia Wechster: WAIS-III, WISC-IV y WPPSI-III -- Otras pruebas individuales de capacitación en educación y educación especial -- Pruebas estandarizadas en educación, administración pública y sector militar -- Aplicaciones en ámbitos clínicos y de asesoría -- Pruebas proyectivas de personalidad -- Pruebas basadas en la ciencia psicológica y en la nueva era de las computadoras -- Pruebas en asesoría psicológica -- Pruebas en psicología de la salud y en el cuidado de la salud -- Pruebas en ámbitos industriales y de negocios -- Sesgo en las pruebas -- Pruebas en escenarios legales -- La ética y el futuro de las pruebas psicológicas. | |
| 526 | _aSEG68 | ||
| 526 | _aSEG70 | ||
| 526 | _aSEG69 | ||
| 526 | _aSEG67 | ||
| 526 | _aSEG43 | ||
| 526 | _aP144 | ||
| 526 | _aP143 | ||
| 526 | _aP131 | ||
| 526 | _aP122 | ||
| 526 | _aP120 | ||
| 526 | _aP117 | ||
| 526 | _aP112 | ||
| 526 | _aP110 | ||
| 526 | _aP106 | ||
| 526 | _aP101 | ||
| 526 | _aP80 | ||
| 526 | _aP59 | ||
| 526 | _aP54 | ||
| 526 | _aP35 | ||
| 526 | _aP33 | ||
| 526 | _aP30 | ||
| 541 | _g0012-0003324; | ||
| 650 | 0 | 4 | _aPruebas psicológicas. |
| 942 |
_2ddc _cBOOK |
||
| 949 |
_a150.287 K22 _wDEWEY _c1 _i56836 _d2016-10-27 _e2016-10-26 _lCCODEBUL1 _mBUL _n5 _p26.00 _r0 _sY _tBOOK _u2015-6-25 _xSALUD _PP33 _0COMPRA _o.STAFF. Colección Ciencias de la Salud |
||
| 994 |
_aC0 _bPEPRU |
||
| 596 | _a1 | ||
| 999 |
_a150.287 K22 _wDEWEY _c45972 _i56836 _d45972 _e2017-8-13 _f2021-11-3 _g5 _lCCODEBUL1 _mBUL _n7 _p26.00 _q3 _r0 _sY _tBOOK _u2015-6-25 _xSALUD _zP33 _0COMPRA _o.STAFF. Colección Ciencias de la Salud |
||
| 980 |
_81 _gALBERTO SANCHEZ Responsable de Automatización |
||